| 000 | 01119nam0a2200289 4500 | ||
|---|---|---|---|
| 001 | RU\NLR\b_ik\200710 | ||
| 005 | 20250613195033.0 | ||
| 010 | _a5-901739-26-4 | ||
| 035 | _a(NLR Aleph) 009996536 | ||
| 090 |
_a9765451 _c9765451 |
||
| 100 | _a20130329d2005 |||y0rusy50 ca | ||
| 101 | 0 | _aeng | |
| 102 | _aRU | ||
| 105 | _aa ||||||||| | ||
| 200 | 1 |
_aMethod of situational adaptation of wagons for international transportation of goods _emonograph _fI.G. Morchiladze, candidate of techn. sciences |
|
| 210 |
_aSt.Petersbur _cOM-Press _d2005 |
||
| 215 |
_a143 с _cил. _d20 |
||
| 320 | _aБиблиогр.: с. 139-140 (35 назв.) | ||
| 541 | 0 |
_aМетод ситуационной адаптации вагонов для международной переводки грузов _eМонография _zrus |
|
| 606 | 1 |
_aГрузовые вагоны _xЭксплуатация _9956467 _3RU\NLR\auth\66356523 |
|
| 686 | _aО244-082 | ||
| 700 | 1 |
_aMorčiladze _bI. G. _gIl'ja Geront'evič _4070 |
|
| 801 | 0 |
_aRU _bNLR _c20130329 _gRCR |
|
| 801 | 1 |
_aRU _bNLR _c20130329 |
|
| 942 | _cBOOK | ||
| 980 | _aNB | ||